[Event "Rhein Main op-A 21st"]
[Site "Bad Homburg"]
[Date "2018.06.03"]
[Round "7"]
[White "Barthel, Ansgar"]
[Black "Hoffmann, Matthias"]
[Result "1/2-1/2"]
[WhiteElo "2121"]
[BlackElo "2023"]
[PlyCount "43"]
[EventDate "2018.05.30"]
[EventType "swiss"]
[EventRounds "7"]
[EventCountry "GER"]
[SourceTitle "EXT 2019"]
[Source "ChessBase"]
[SourceDate "2018.10.10"]
[SourceVersion "1"]
[SourceVersionDate "2018.10.10"]
[SourceQuality "1"]

1. e4 e6 2. d4 d5 3. Nc3 Nf6 4. e5 Nfd7 5. f4 c5 6. Nf3 Nc6 7. Be3 cxd4 8. Nxd4 Bc5 9. Qd2 0-0 10. 0-0-0 Bxd4 11. Bxd4 Qa5 12. Kb1 Rb8 13. h4 b5 14. Rh3 Nxd4 15. Qxd4 b4 16. Ne2 Ba6 17. Nc1 Bxf1 18. Rxf1 Qc5 19. Qd2 Qc4 20. Qd3 Nc5 21. Qxc4 dxc4 22. Re3 1/2-1/2

[Event "GER MS-100 email"]
[Site "GER email"]
[Date "2010.06.20"]
[Round "?"]
[White "Koch, Hans Georg"]
[Black "Hoffmann, Matthias"]
[Result "1/2-1/2"]
[WhiteElo "2110"]
[BlackElo "2015"]
[PlyCount "59"]
[EventDate "2010.06.28"]
[EventType "tourn (corr)"]
[EventRounds "6"]
[EventCountry "GER"]
[SourceTitle "Corr 2013"]
[Source "ChessBase"]
[SourceDate "2012.11.12"]
[SourceVersion "1"]
[SourceVersionDate "2012.11.12"]
[SourceQuality "1"]

1. d4 Nf6 2. c4 g6 3. Nc3 Bg7 4. e4 d6 5. Nf3 0-0 6. Be2 e5 7. 0-0 Nc6 8. d5 Ne7 9. b4 Nh5 10. Re1 f5 11. Ng5 Nf6 12. Bf3 c6 13. Be3 h6 14. Ne6 Bxe6 15. dxe6 fxe4 16. Nxe4 Nxe4 17. Bxe4 d5 18. cxd5 cxd5 19. Bc2 b6 20. Qg4 e4 21. Rad1 Qc7 22. Bb3 Rf5 23. Qh4 Raf8 24. g4 Re5 25. Bxh6 Bxh6 26. Qxh6 Qd6 27. Qd2 Qxe6 28. h3 a6 29. Re3 g5 30. Qd4 1/2-1/2

[Event "IECG CP.2002.S.00005 email"]
[Site "IECG email"]
[Date "2005.04.01"]
[Round "?"]
[White "Turicnik, Vladimir"]
[Black "Hoffmann, Matthias"]
[Result "1/2-1/2"]
[WhiteElo "1982"]
[BlackElo "2203"]
[PlyCount "58"]
[EventDate "2005.04.01"]
[EventType "tourn (corr)"]
[EventRounds "6"]
[EventCountry "ARG"]
[SourceTitle "Corr 2008"]
[Source "ChessBase"]
[SourceDate "2008.06.24"]
[SourceVersion "1"]
[SourceVersionDate "2008.06.24"]
[SourceQuality "1"]

1. e4 e6 2. d4 d5 3. Nc3 Nf6 4. Bg5 Bb4 5. e5 h6 6. Bd2 Bxc3 7. bxc3 Ne4 8. Qg4 g6 9. Bd3 Nxd2 10. Kxd2 c5 11. h4 Bd7 12. h5 g5 13. f4 Nc6 14. fxg5 Qa5 15. dxc5 0-0-0 16. Nf3 d4 17. Ke2 dxc3 18. g6 Qxc5 19. Qe4 fxg6 20. hxg6 Ne7 21. Rh4 Rhg8 22. Qc4 Qxc4 23. Rxc4+ Kb8 24. Rh1 Bb5 25. Rd4 Rxd4 26. Nxd4 Bxd3+ 27. Kxd3 Rxg6 28. Kxc3 Nd5+ 29. Kc4 Kc8 1/2-1/2

[Event "NRW Class2 0304"]
[Site "Germany"]
[Date "2004.04.25"]
[Round "9.3"]
[White "Mueller, Michael2222"]
[Black "Hoffmann, Matthias"]
[Result "1-0"]
[WhiteElo "2243"]
[BlackElo "2211"]
[PlyCount "85"]
[EventDate "2003.09.28"]
[EventType "team"]
[EventRounds "9"]
[EventCountry "GER"]
[SourceTitle "CBM 098 Extra"]
[Source "ChessBase"]
[SourceDate "2004.03.10"]
[SourceVersion "2"]
[SourceVersionDate "2004.03.10"]
[SourceQuality "1"]
[WhiteTeam "Duesseldorf"]
[BlackTeam "Wiehl"]
[WhiteTeamCountry "GER"]
[BlackTeamCountry "GER"]

1. e4 e6 2. d4 d5 3. Nc3 Nf6 4. Bg5 Bb4 5. exd5 exd5 6. Bd3 h6 7. Bh4 g5 8. Bg3 Nc6 9. Nge2 Qe7 10. 0-0 Be6 11. Nb5 Ba5 12. c3 a6 13. a4 Nh5 14. Na3 0-0 15. Nc2 Rae8 16. b4 Bb6 17. a5 Ba7 18. b5 axb5 19. Bxb5 Nxg3 20. Nxg3 Bd7 21. Ne3 Qd6 22. Ngf5 Bxf5 23. Nxf5 Qf4 24. Nxh6+ Kg7 25. g3 Qf6 26. Ng4 Qe6 27. Ne3 Rh8 28. Qg4 Qxg4 29. Nxg4 Re6 30. a6 bxa6 31. Rxa6 Bb6 32. Ne3 Ne7 33. Bd7 Rd6 34. Bg4 Kg6 35. Bf3 f5 36. Re1 f4 37. Ng4 fxg3 38. Rxe7 gxf2+ 39. Kxf2 Bxd4+ 40. cxd4 Rxa6 41. Ne5+ Kf6 42. Rf7+ Ke6 43. Bg4+ 1-0

[Event "IECG CP.2002.Q.00016 email"]
[Site "IECG email"]
[Date "2003.10.01"]
[Round "?"]
[White "Daus, Peter"]
[Black "Hoffmann, Matthias"]
[Result "1/2-1/2"]
[WhiteElo "1963"]
[BlackElo "2158"]
[PlyCount "38"]
[EventDate "2003.10.01"]
[EventType "tourn (corr)"]
[EventRounds "10"]
[SourceTitle "Corr 2008"]
[Source "ChessBase"]
[SourceDate "2008.06.24"]
[SourceVersion "1"]
[SourceVersionDate "2008.06.24"]
[SourceQuality "1"]

1. d4 Nf6 2. c4 g6 3. Nc3 Bg7 4. e4 d6 5. f4 0-0 6. Nf3 c5 7. dxc5 Qa5 8. Bd3 Qxc5 9. Qe2 Nc6 10. Be3 Qa5 11. 0-0 Ng4 12. Bd2 Qb6+ 13. Kh1 Qxb2 14. Rab1 Qa3 15. Nb5 Qc5 16. h3 a6 17. Nc3 Nf6 18. Nd5 Nd7 19. Be3 Qa5 1/2-1/2

[Event "IECG CP.2002.Q.00016 email"]
[Site "IECG email"]
[Date "2003.10.01"]
[Round "?"]
[White "Hoffmann, Matthias"]
[Black "Epiney, Flo"]
[Result "1-0"]
[WhiteElo "2158"]
[BlackElo "2302"]
[PlyCount "75"]
[EventDate "2003.10.01"]
[EventType "tourn (corr)"]
[EventRounds "10"]
[SourceTitle "Corr 2008"]
[Source "ChessBase"]
[SourceDate "2008.06.24"]
[SourceVersion "1"]
[SourceVersionDate "2008.06.24"]
[SourceQuality "1"]

1. e4 c5 2. c3 e6 3. d4 d5 4. e5 Qb6 5. Nf3 Bd7 6. a3 Bb5 7. c4 dxc4 8. Nc3 Nc6 9. d5 0-0-0 10. d6 f6 11. b4 Nxe5 12. Nxe5 fxe5 13. bxc5 Qxc5 14. Be3 Qc6 15. Nxb5 Qxb5 16. Bxc4 Qc6 17. 0-0 Kb8 18. Qb3 Bxd6 19. Rfc1 Nf6 20. Bb5 Qd5 21. Qa4 b6 22. Bc6 Qa5 23. Qxa5 bxa5 24. Rab1+ Bb4 25. axb4 a4 26. Ra1 Nd5 27. Bc5 Nf4 28. Bb5 Nd3 29. Bxd3 Rxd3 30. Rxa4 Rhd8 31. Bxa7+ Kb7 32. h4 Ra8 33. Rca1 Rd6 34. Bc5 Rxa4 35. Rxa4 Rd7 36. Ra7+ Kc8 37. Rxd7 Kxd7 38. b5 1-0

[Event "IECG CP.2001.S.00005 email"]
[Site "IECG email"]
[Date "2003.10.01"]
[Round "?"]
[White "Hoffmann, Matthias"]
[Black "Lehnert, Ronald"]
[Result "1-0"]
[WhiteElo "2158"]
[BlackElo "1806"]
[PlyCount "97"]
[EventDate "2003.10.01"]
[EventType "tourn (corr)"]
[EventRounds "6"]
[SourceTitle "Corr 2008"]
[Source "ChessBase"]
[SourceDate "2008.06.24"]
[SourceVersion "1"]
[SourceVersionDate "2008.06.24"]
[SourceQuality "1"]

1. e4 c5 2. c3 e6 3. d4 d5 4. e5 Nc6 5. Nf3 Bd7 6. Be2 Nge7 7. Na3 cxd4 8. cxd4 Nf5 9. Nc2 Qb6 10. 0-0 Rc8 11. g4 Nfe7 12. Nh4 f6 13. f4 fxe5 14. fxe5 Nxe5 15. Kh1 Nf7 16. Bd3 e5 17. dxe5 Nxe5 18. Bf5 Nxf5 19. Nxf5 Nxg4 20. Qxg4 Rxc2 21. Bg5 Be6 22. Nxg7+ Bxg7 23. Rae1 Rc6 24. Bh4 Rf8 25. Qxg7 Qb4 26. Rf6 Rxf6 27. Qxf6 Qd6 28. Qh6 b5 29. Qh5+ Kd7 30. Qxh7+ Kc8 31. Qxa7 Qb8 32. Qe7 Qd6 33. Qe8+ Kb7 34. Bg3 Qd7 35. Qb8+ Ka6 36. Qa8+ Kb6 37. Bh4 d4 38. Bd8+ Kc5 39. Qa3+ Kc4 40. Rc1+ Kd5 41. Qf3+ Kd6 42. Qf4+ Kd5 43. Rd1 Rc4 44. b3 Qxd8 45. bxc4+ Kxc4 46. Kg1 b4 47. h4 Qg8+ 48. Kf2 Qf7 49. Rxd4+ 1-0

[Event "IECG CP.2001.S.00005 email"]
[Site "IECG email"]
[Date "2003.10.01"]
[Round "?"]
[White "Hoffmann, Matthias"]
[Black "Onder, Evren"]
[Result "1-0"]
[WhiteElo "2158"]
[BlackElo "2290"]
[PlyCount "141"]
[EventDate "2003.10.01"]
[EventType "tourn (corr)"]
[EventRounds "6"]
[SourceTitle "Corr 2008"]
[Source "ChessBase"]
[SourceDate "2008.06.24"]
[SourceVersion "1"]
[SourceVersionDate "2008.06.24"]
[SourceQuality "1"]

1. e4 c5 2. c3 Nf6 3. e5 Nd5 4. d4 cxd4 5. Nf3 Nc6 6. Bc4 Nb6 7. Bb3 d5 8. exd6 Qxd6 9. 0-0 Be6 10. Na3 dxc3 11. Qe2 Bxb3 12. Nb5 Qb8 13. axb3 a6 14. Nbd4 Nxd4 15. Nxd4 c2 16. Re1 Qd8 17. Bg5 h6 18. Bh4 Qd7 19. Nxc2 Qb5 20. Qxb5+ axb5 21. Rxa8+ Nxa8 22. Bg3 h5 23. Ra1 Nb6 24. Ra7 h4 25. Be5 Rh6 26. Rxb7 Nd7 27. Bc3 Rb6 28. Rxb6 Nxb6 29. Na3 f6 30. Nxb5 e5 31. Ba5 Nd5 32. Nc3 Ne7 33. Kf1 Nc6 34. Bb6 Kd7 35. f3 f5 36. Bf2 Be7 37. Nd5 Bd8 38. Ne3 g6 39. Nc2 Na5 40. b4 Nc4 41. b3 Nd2+ 42. Ke2 Nxb3 43. Kd3 Bg5 44. Kc3 Nd2 45. h3 Nb1+ 46. Kc4 Kd6 47. Bc5+ Ke6 48. b5 Nd2+ 49. Kc3 e4 50. b6 exf3 51. Nd4+ Kd7 52. gxf3 Kc8 53. Kd3 Kb7 54. Ne6 Nb3 55. Bb4 Nc1+ 56. Kc4 Be3 57. Bc5 Bxc5 58. Kxc5 Nd3+ 59. Kb5 g5 60. Nxg5 Ne5 61. f4 Nd7 62. Nf3 Nxb6 63. Kc5 Nd7+ 64. Kd4 Kc7 65. Nxh4 Kd6 66. Nxf5+ Ke6 67. Ng3 Kf6 68. h4 Nf8 69. Ke4 Ne6 70. Nh5+ Kf7 71. Kf5 1-0

[Event "IECG CP.2002.Q.00016 email"]
[Site "IECG email"]
[Date "2003.10.01"]
[Round "?"]
[White "Hoffmann, Matthias"]
[Black "Percze, Janos"]
[Result "1-0"]
[WhiteElo "2158"]
[BlackElo "2353"]
[PlyCount "89"]
[EventDate "2003.10.01"]
[EventType "tourn (corr)"]
[EventRounds "10"]
[SourceTitle "Corr 2008"]
[Source "ChessBase"]
[SourceDate "2008.06.24"]
[SourceVersion "1"]
[SourceVersionDate "2008.06.24"]
[SourceQuality "1"]

1. e4 c5 2. c3 d5 3. exd5 Qxd5 4. d4 Nf6 5. Nf3 Bg4 6. Nbd2 Nc6 7. Bc4 Bxf3 8. gxf3 Qf5 9. Qb3 0-0-0 10. Bb5 cxd4 11. Bxc6 bxc6 12. 0-0 e6 13. Nc4 Qg6+ 14. Kh1 Qh5 15. Kg2 d3 16. Be3 Qg6+ 17. Kh1 Qf5 18. Qa4 Qxf3+ 19. Kg1 Qd5 20. Bf4 Qb5 21. Qxa7 Nd5 22. Qa8+ Kd7 23. Ne5+ Ke8 24. Qa7 Be7 25. c4 Qb6 26. Qxb6 Nxb6 27. Nxc6 Rc8 28. Nxe7 Rxc4 29. Bd6 Kd7 30. Ba3 Rg4+ 31. Kh1 Nc4 32. Bc5 Rg5 33. b4 d2 34. Rfd1 Re8 35. a4 Kc7 36. Ra2 Rxc5 37. bxc5 g5 38. Rc2 Ne5 39. Rdxd2 Rxe7 40. a5 h5 41. a6 Re8 42. Rb2 Kc6 43. Rb6+ Kxc5 44. Rb1 Ra8 45. Rc1+ 1-0

[Event "IECG CP.2001.S.00005 email"]
[Site "IECG email"]
[Date "2003.10.01"]
[Round "?"]
[White "Noire, Eric"]
[Black "Hoffmann, Matthias"]
[Result "0-1"]
[WhiteElo "2229"]
[BlackElo "2158"]
[PlyCount "102"]
[EventDate "2003.10.01"]
[EventType "tourn (corr)"]
[EventRounds "6"]
[SourceTitle "Corr 2008"]
[Source "ChessBase"]
[SourceDate "2008.06.24"]
[SourceVersion "1"]
[SourceVersionDate "2008.06.24"]
[SourceQuality "1"]

1. d4 Nf6 2. Nf3 g6 3. Nc3 Bg7 4. e4 d6 5. Be2 0-0 6. 0-0 Bg4 7. Be3 Nc6 8. d5 Bxf3 9. Bxf3 Ne5 10. Be2 c6 11. f4 Ned7 12. dxc6 bxc6 13. Qd3 Qc7 14. b3 Rad8 15. Rad1 Rfe8 16. a3 h5 17. Qc4 Nb6 18. Qb4 Ng4 19. Bxg4 hxg4 20. f5 c5 21. Qa5 Qb7 22. fxg6 fxg6 23. Bg5 Rf8 24. Rfe1 Bd4+ 25. Be3 Be5 26. Bh6 Rf7 27. Nd5 Rh7 28. Qd2 Bd4+ 29. Be3 Be5 30. g3 Rf8 31. Nxb6 axb6 32. Qd5+ Qxd5 33. exd5 Rf3 34. Re2 Rh3 35. Bg5 Kf7 36. Bh4 Rf5 37. Kg2 Rh5 38. Re4 R5xh4 39. gxh4 Rxh2+ 40. Kg1 Rxc2 41. Rxg4 Rc3 42. a4 Rxb3 43. Kg2 Bf6 44. Kf2 b5 45. axb5 Rxb5 46. Rh1 Rb8 47. Kf3 Rh8 48. Kg3 Rh5 49. Rd1 Kg7 50. Re4 Kh6 51. Rd3 Rf5 0-1

[Event "IECG CP.2001.S.00005 email"]
[Site "IECG email"]
[Date "2003.10.01"]
[Round "?"]
[White "Rosso, Pier Andrea"]
[Black "Hoffmann, Matthias"]
[Result "1/2-1/2"]
[WhiteElo "2075"]
[BlackElo "2158"]
[PlyCount "111"]
[EventDate "2003.10.01"]
[EventType "tourn (corr)"]
[EventRounds "6"]
[SourceTitle "Corr 2008"]
[Source "ChessBase"]
[SourceDate "2008.06.24"]
[SourceVersion "1"]
[SourceVersionDate "2008.06.24"]
[SourceQuality "1"]

1. Nf3 Nf6 2. d4 g6 3. Bf4 Bg7 4. Nbd2 0-0 5. e4 d6 6. c3 Nbd7 7. Be2 h6 8. 0-0 e5 9. dxe5 Nh5 10. Be3 dxe5 11. a4 a5 12. Qb3 Nf4 13. Bb5 Qe7 14. Rfe1 Rd8 15. Rad1 Nf8 16. Bxf4 exf4 17. e5 c6 18. Bc4 Bg4 19. h3 Bh5 20. Re4 Ne6 21. Rde1 g5 22. Bxe6 Qxe6 23. Qb6 Rd7 24. Rd4 Ra6 25. Qb3 Qxb3 26. Nxb3 Re7 27. Rd8+ Kh7 28. Nbd4 Bg6 29. Rc8 Rb6 30. b3 Bd3 31. g4 fxg3 32. fxg3 Kg6 33. g4 h5 34. Kf2 hxg4 35. hxg4 f5 36. exf6 Kxf6 37. Rxe7 Kxe7 38. Rc7+ Kf6 39. Nxg5 Kxg5 40. Rxg7+ Bg6 41. b4 axb4 42. a5 Ra6 43. cxb4 c5 44. bxc5 Rxa5 45. Rxb7 Kxg4 46. c6 Be4 47. Rb4 Ra2+ 48. Ke3 Bxc6 49. Nxc6+ Kf5 50. Nd4+ Ke5 51. Rb5+ Kd6 52. Ke4 Ra1 53. Rb6+ Ke7 54. Nf5+ Kf7 55. Rh6 Re1+ 56. Kd5 1/2-1/2

[Event "Oberliga NRW 0203 I"]
[Site "Germany"]
[Date "2003.02.16"]
[Round "6.6"]
[White "Hoffmann, Matthias"]
[Black "Kurr, Gerd"]
[Result "1/2-1/2"]
[WhiteElo "2055"]
[BlackElo "2224"]
[PlyCount "63"]
[EventDate "2002.10.06"]
[EventType "team"]
[EventRounds "9"]
[EventCountry "GER"]
[SourceTitle "EXT 2004"]
[Source "ChessBase"]
[SourceDate "2003.11.25"]
[SourceVersion "1"]
[SourceVersionDate "2003.11.25"]
[SourceQuality "1"]
[WhiteTeam "Wiehl"]
[BlackTeam "Elberfeld"]
[WhiteTeamCountry "GER"]
[BlackTeamCountry "GER"]

1. e4 c6 2. d4 d5 3. Nc3 dxe4 4. Nxe4 Nf6 5. Nxf6+ exf6 6. c3 Bd6 7. Bd3 0-0 8. Qc2 Re8+ 9. Ne2 h6 10. Be3 Nd7 11. 0-0 Qc7 12. Kh1 b6 13. Qd2 c5 14. Bxh6 c4 15. Bc2 Bb7 16. Be3 Bxh2 17. f4 Qc6 18. Rf2 Qe6 19. Ba4 Rad8 20. Kxh2 Qxe3 21. Qxe3 Rxe3 22. Ng3 g6 23. Nf1 Re7 24. Nd2 Bd5 25. Bb5 Rc8 26. Bxd7 Rxd7 27. Re1 b5 28. Rfe2 Kf8 29. Ne4 Bxe4 30. Rxe4 a5 31. Kg3 b4 32. Rh1 1/2-1/2

[Event "Oberliga NRW 0203 I"]
[Site "Germany"]
[Date "2002.12.08"]
[Round "3.6"]
[White "Grosse Kloenne, Elmar"]
[Black "Hoffmann, Matthias"]
[Result "1/2-1/2"]
[WhiteElo "2235"]
[BlackElo "2055"]
[PlyCount "50"]
[EventDate "2002.10.06"]
[EventType "team"]
[EventRounds "9"]
[EventCountry "GER"]
[SourceTitle "EXT 2004"]
[Source "ChessBase"]
[SourceDate "2003.11.25"]
[SourceVersion "1"]
[SourceVersionDate "2003.11.25"]
[SourceQuality "1"]
[WhiteTeam "Muenster"]
[BlackTeam "Wiehl"]
[WhiteTeamCountry "GER"]
[BlackTeamCountry "GER"]

1. e4 e6 2. d4 d5 3. e5 c5 4. c3 Nc6 5. Be3 Nge7 6. Nf3 Nf5 7. Bd3 cxd4 8. cxd4 Nxe3 9. fxe3 g6 10. Nc3 Bh6 11. Qe2 0-0 12. a3 Bd7 13. 0-0 Rc8 14. h3 f6 15. exf6 Rxf6 16. Nh2 Rxf1+ 17. Rxf1 Qe7 18. Ng4 Bg7 19. Qe1 Rf8 20. Rxf8+ Qxf8 21. Qg3 Qe7 22. Nb5 e5 23. Nxe5 Nxe5 24. dxe5 Bxb5 25. Bxb5 Qe6 1/2-1/2

[Event "IECG CA.2002.0.00050 email"]
[Site "IECG email"]
[Date "2002.05.15"]
[Round "?"]
[White "Hoffmann, Matthias"]
[Black "Borst, John C"]
[Result "1-0"]
[WhiteElo "2090"]
[BlackElo "2076"]
[PlyCount "105"]
[EventDate "2002.05.15"]
[EventType "tourn (corr)"]
[EventRounds "5"]
[SourceTitle "Corr 2008"]
[Source "ChessBase"]
[SourceDate "2008.06.24"]
[SourceVersion "1"]
[SourceVersionDate "2008.06.24"]
[SourceQuality "1"]

1. e4 c5 2. c3 d5 3. exd5 Qxd5 4. d4 Nf6 5. Nf3 Bg4 6. Nbd2 Nc6 7. Bc4 Bxf3 8. gxf3 Qf5 9. Qb3 0-0-0 10. Bb5 cxd4 11. Bxc6 bxc6 12. 0-0 e6 13. Nc4 Qg6+ 14. Kh1 Qh5 15. Kg2 d3 16. Be3 Nd5 17. Qa4 Nxe3+ 18. fxe3 Qg5+ 19. Kh1 Qb5 20. Qxb5 cxb5 21. Ne5 Rg8 22. Nxf7 Rd7 23. Ne5 Rd5 24. f4 Bc5 25. e4 Rdd8 26. Kg2 d2 27. Rad1 Kb7 28. h4 Kc7 29. Nf3 Be3 30. Ng5 Rge8 31. Nf7 Rd7 32. Ne5 Rd6 33. Rf3 Bb6 34. Kf1 Kc8 35. Ke2 Bd8 36. h5 Ra6 37. Rxd2 Rxa2 38. Rg3 Rf8 39. Rxg7 Rxf4 40. Nd3 Rf8 41. Rxh7 Ra4 42. Nc5 Rc4 43. b4 Bb6 44. Rd6 Bxc5 45. Rc6+ Kb8 46. Rxc5 Rxc5 47. bxc5 Rc8 48. h6 Rxc5 49. Rg7 Rxc3 50. h7 Rh3 51. Rg8+ Kc7 52. h8Q Rxh8 53. Rxh8 1-0

[Event "IECG CA.2002.0.00050 email"]
[Site "IECG email"]
[Date "2002.05.15"]
[Round "?"]
[White "Hoffmann, Matthias"]
[Black "Chovanec, Vladimir"]
[Result "1/2-1/2"]
[WhiteElo "2090"]
[BlackElo "1851"]
[PlyCount "53"]
[EventDate "2002.05.15"]
[EventType "tourn (corr)"]
[EventRounds "5"]
[SourceTitle "Corr 2008"]
[Source "ChessBase"]
[SourceDate "2008.06.24"]
[SourceVersion "1"]
[SourceVersionDate "2008.06.24"]
[SourceQuality "1"]

1. e4 c5 2. c3 Nf6 3. e5 Nd5 4. d4 cxd4 5. Nf3 Nc6 6. Bc4 Nb6 7. Bb3 d6 8. exd6 Qxd6 9. 0-0 Be6 10. Na3 Bxb3 11. Qxb3 e6 12. Rd1 Qd5 13. Nb5 Qxb3 14. axb3 Rd8 15. Nfxd4 Nxd4 16. Rxd4 Rxd4 17. Nxd4 Nc8 18. Bf4 Bc5 19. Be5 0-0 20. b4 Bb6 21. c4 f6 22. c5 fxe5 23. Nxe6 Rf6 24. cxb6 a6 25. Nc5 Rxb6 26. Rd1 Na7 27. Rd7 1/2-1/2